000 00629nam a2200205Ii 4500
003 JO-AjNU
008 230605s9999||||xx |||||||||||||| ||und||
017 _a786
040 _aJO-AjNU
_bara
_erda
_cJO-AjNU
041 _aara
050 1 4 _aQL757.B3412 1984
100 3 _a ترجمة الالوسي، توفيق ابراهيم,
_eauthor
_920628
245 0 0 _aالاوالى الطفيلية
264 3 1 _aبغداد:جامعة الموصل ، 1984
300 _a238ص
336 _atext
_btxt
_2rdacontent
337 _aunmediated
_bn
_2rdamedia
338 _avolume
_bnc
_2rdacarrier
650 4 _aالطفيليات
_920629
999 _aA7024
_c10592
_d10592